000 00506nam a2200181Ia 4500
001 12020
005 20260306162911.0
008 260306t2018||||xx |||||||||||||| ||spa||
041 _aESP
082 _aHR 340
_bJUN 2018 DJ
100 _aGaceta Jurídica
_eAUT
245 0 _aDiálogo con la jurisprudencia:
_bactualidad jurisprudencial para jueces, fiscales y abogados litigantes
260 _c2018
300 _a344 páginas :
_c25 cm.
650 _aGEN
654 _aCDE
942 _cREV
_dJUS
_fJUS
_2ddc
_n
999 _c12020
_d12020